000
00273nam a2200121 a 4500
008
101025s1962|||| d
100
1
_a
Móric, Rudo
245
1
0
_a
Smutný Suarez
260
_b
Šport
_a
Bratislava
_c
1962
041
_a
slo
020
_c
9,40
044
_a
xo
_c
SK
999
_c
12186
_d
12186